[Event "Senigallia Perini Memorial 3rd"]
[Site "Senigallia"]
[Date "2009.08.02"]
[Round "2"]
[White "Foglia, Maurizio"]
[Black "Buratti, Ettore"]
[Result "1-0"]
[WhiteElo "2140"]
[BlackElo "1865"]
[PlyCount "129"]
[EventDate "2009.08.01"]
[EventType "swiss"]
[EventRounds "9"]
[EventCountry "ITA"]
[SourceTitle "EXT 2010"]
[Source "ChessBase"]
[SourceDate "2010.11.25"]
[SourceVersion "1"]
[SourceVersionDate "2010.11.25"]
[SourceQuality "1"]

1. Nf3 Nf6 2. c4 d6 3. d4 g6 4. Bf4 Bg7 5. e3 0-0 6. Be2 Nbd7 7. h3 c5 8. Nc3 Re8 9. 0-0 cxd4 10. exd4 a6 11. Qd2 b6 12. Rac1 Bb7 13. d5 Nc5 14. Nd4 Nfe4 15. Nxe4 Nxe4 16. Qe3 Nf6 17. Bf3 Qd7 18. Rfd1 Qc7 19. b4 Nd7 20. Bh6 Ne5 21. Be2 Rac8 22. Bxg7 Kxg7 23. f4 Nd7 24. Bg4 Rb8 25. Bxd7 Qxd7 26. f5 Kg8 27. Rf1 Rbc8 28. fxg6 hxg6 29. Qh6 e5 30. dxe6 Rxe6 31. Nxe6 Qxe6 32. Qf4 d5 33. cxd5 Qxd5 34. Rxc8+ Bxc8 35. Qb8 Qe6 36. Rd1 Kg7 37. Qd6 Qe3+ 38. Kh2 Kh7 39. Qd4 Qxd4 40. Rxd4 Kg7 41. Rd6 b5 42. Rc6 Bb7 43. Rb6 Bc8 44. Rb8 Be6 45. a3 Bc4 46. Rb6 Kf8 47. Rxa6 Ke8 48. Rc6 Bb3 49. Rc5 Ba4 50. Kg3 Ke7 51. Kf4 Kf6 52. Rc6+ Kg7 53. Kg5 Bb3 54. Rf6 Bc4 55. h4 Bd3 56. g4 Be2 57. Rf2 Bc4 58. h5 gxh5 59. gxh5 Kh7 60. h6 Kg8 61. Kf6 Kh7 62. Rf4 Bb3 63. Rf3 Bc4 64. Rc3 Be6 65. Rc5 1-0